William Verry (Glazing Systems) Ltd v Furlong Homes Ltd (Record no. 75617)

MARC details
000 -LEADER
fixed length control field 01609cab a2200193 4500
001 - CONTROL NUMBER
control field L130436
008 - FIXED-LENGTH DATA ELEMENTS--GENERAL INFORMATION
fixed length control field 050728n2005 000 0 eng u
035 ## - SYSTEM CONTROL NUMBER
System control number (Sirsi) u130436
041 ## - LANGUAGE CODE
Language code of text/sound track or separate title eng
245 ## - TITLE STATEMENT
Title William Verry (Glazing Systems) Ltd v Furlong Homes Ltd
260 ## - PUBLICATION, DISTRIBUTION, ETC.
Date of publication, distribution, etc. 2005
520 ## - SUMMARY, ETC.
Summary, etc. [2005] EWHC 138 (TCC), 13 January 2005. Discusses the issue of whether a responding party can submit new material in its response to adjudication and looked at the definition of a dispute. The claimant (V) had entered into a contract with the defendant (F) but significant delays led t F granting V two extensions of time. V argued that they were entitled to a longer extension but this claim was rejected by F. F commenced a reverse adjudication in relation to the final account dispute between them and V. A response by V contained a slightly different date for the extension of time and F argued that this was a new extension of time claim. "Held": the different date was held to be an enhancement or refinement of V's earlier claim. Even if the extension of time claim was a new one, it formed part of the dispute which was referred by F and V were entitled to rely upon it in an adjudication.
590 ## - LOCAL NOTE (RLIN)
Local note IKA020805
650 ## - SUBJECT ADDED ENTRY--TOPICAL TERM
Topical term or geographic name entry element EDMUND NUTTALL LTD V R G CARTER LTD
650 ## - SUBJECT ADDED ENTRY--TOPICAL TERM
Topical term or geographic name entry element WILLIAM VERRY LTD V FURLONG HOMES LTD
690 ## - LOCAL SUBJECT ADDED ENTRY--TOPICAL TERM (OCLC, RLIN)
Topical term or geographic name as entry element MANAGEMENT-DISPUTE AVOIDANCE, MANAGEMENT AND RESOLUTION-DISPUTE MANAGEMENT AND RESOLUTION-ALTERNATIVE DISPUTE RESOLUTION-ADJUDICATION
856 ## - ELECTRONIC LOCATION AND ACCESS
Uniform Resource Identifier <a href="https://www.bailii.org/ew/cases/EWHC/TCC/2005/138.html">https://www.bailii.org/ew/cases/EWHC/TCC/2005/138.html</a>
Public note View the item free of charge at www.bailii.org...
942 ## - ADDED ENTRY ELEMENTS (KOHA)
Suppress in OPAC 0
Holdings
Withdrawn status Lost status Source of classification or shelving scheme Damaged status Not for loan Home library Current library Shelving location Date acquired Total Checkouts Full call number Barcode Date last seen Copy number Price effective from Koha item type
    Dewey Decimal Classification     Virtual Virtual Online 28/07/2005   L130436 130436-2001 06/08/2019 1 06/08/2019 Law report